[Event "Oberbayern Bezirksliga 1617"]
[Site "Germany"]
[Date "2017.02.05"]
[Round "5.7"]
[White "Krause, Christian"]
[Black "Wittstadt, Renato"]
[Result "1/2-1/2"]
[WhiteElo "1943"]
[BlackElo "1848"]
[PlyCount "98"]
[EventDate "2016.10.16"]
[EventType "team-tourn"]
[EventRounds "9"]
[EventCountry "GER"]
[SourceTitle "EXT 2019"]
[Source "ChessBase"]
[SourceDate "2018.10.10"]
[SourceVersion "1"]
[SourceVersionDate "2018.10.10"]
[SourceQuality "1"]
[WhiteTeam "Ebersberg Grafing"]
[BlackTeam "Wolfratshausen"]
[WhiteTeamCountry "GER"]
[BlackTeamCountry "GER"]

1. g3 Nf6 2. Bg2 g6 3. e4 d6 4. Ne2 c5 5. c4 Nc6 6. 0-0 Bg7 7. Nbc3 0-0 8. d3 Bd7 9. Rb1 Rb8 10. h3 a6 11. a3 b5 12. cxb5 axb5 13. b4 cxb4 14. axb4 Qc8 15. Kh2 Qb7 16. f4 e5 17. Be3 Rfc8 18. Qd2 Ra8 19. d4 Ne8 20. fxe5 dxe5 21. d5 Nd8 22. Bc5 Qb8 23. Nc1 Nd6 24. Bxd6 Qxd6 25. Nd3 Nb7 26. Ra1 Qb6 27. Rxa8 Rxa8 28. Qf2 Qxf2 29. Rxf2 Rc8 30. Rc2 f6 31. Bf3 Kf7 32. Bd1 Bf8 33. Na2 Bd6 34. Rxc8 Bxc8 35. Nac1 f5 36. Bf3 Kf6 37. Ne2 Be7 38. Nc3 Bd7 39. Be2 Be8 40. Kg2 Nd6 41. Nc5 Bf8 42. Ne6 Bh6 43. Nc7 Bd7 44. N7xb5 Nxb5 45. Bxb5 Bxb5 46. Nxb5 Bd2 47. Kf3 Bxb4 48. Nc7 Ke7 49. Ne6 h6 1/2-1/2

[Event "Regionalliga SO 1415"]
[Site "Bayern"]
[Date "2014.11.09"]
[Round "2.3"]
[White "Krause, Christian"]
[Black "Kern, Johannes"]
[Result "1/2-1/2"]
[WhiteElo "1953"]
[BlackElo "2196"]
[PlyCount "43"]
[EventDate "2014.10.19"]
[EventType "team-tourn"]
[EventRounds "9"]
[EventCountry "GER"]
[SourceTitle "EXT 2018"]
[Source "ChessBase"]
[SourceDate "2017.10.13"]
[SourceVersion "1"]
[SourceVersionDate "2017.10.13"]
[SourceQuality "1"]
[WhiteTeam "Ebersberg Grafing"]
[BlackTeam "Trostberg"]
[WhiteTeamCountry "GER"]
[BlackTeamCountry "GER"]

1. g3 f5 2. Bg2 Nf6 3. d3 d6 4. e4 Nc6 5. Ne2 e5 6. exf5 Bxf5 7. 0-0 Qd7 8. c3 Bh3 9. Nd2 Bxg2 10. Kxg2 Be7 11. Ne4 d5 12. Nxf6+ Bxf6 13. f3 0-0-0 14. Be3 Ne7 15. Bf2 Qc6 16. Ng1 h5 17. Qd2 g5 18. h3 Ng6 19. Kh2 g4 20. Qe3 Rde8 21. c4 gxh3 22. cxd5 1/2-1/2

[Event "Baden-ch Seniors"]
[Site "Waldshut Tiengen"]
[Date "2014.06.17"]
[Round "5"]
[White "Krause, Christian"]
[Black "Villing, Dieter"]
[Result "0-1"]
[WhiteElo "2154"]
[BlackElo "2077"]
[PlyCount "78"]
[EventDate "2014.06.14"]
[EventType "swiss"]
[EventRounds "9"]
[EventCountry "GER"]
[SourceTitle "EXT 2015"]
[Source "ChessBase"]
[SourceDate "2014.11.20"]
[SourceVersion "1"]
[SourceVersionDate "2014.11.20"]
[SourceQuality "1"]

1. g3 e5 2. Bg2 d5 3. d3 Nf6 4. Nf3 Nc6 5. c3 Bd6 6. 0-0 h6 7. e4 dxe4 8. dxe4 Bg4 9. Qc2 Qd7 10. b4 a6 11. Be3 g5 12. Nbd2 Nh5 13. Nc4 Qe6 14. Nxd6+ cxd6 15. Qd3 0-0 16. Nd2 Rad8 17. f3 Bh3 18. Qe2 Bxg2 19. Kxg2 Qg6 20. a4 d5 21. exd5 Rxd5 22. Ne4 Rfd8 23. Rad1 Rxd1 24. Rxd1 Nf4+ 25. Bxf4 gxf4 26. Rxd8+ Nxd8 27. Qd3 Ne6 28. g4 h5 29. h3 hxg4 30. hxg4 f5 31. Nf2 e4 32. fxe4 fxg4 33. e5 Qxd3 34. Nxd3 Kf7 35. Nf2 g3 36. Nh3 Kg6 37. Nxf4+ Nxf4+ 38. Kxg3 Ne2+ 39. Kf3 Nxc3 0-1